Tuổi mười bảy Tập 2
.
Bewaard in:
| Hoofdauteur: | |
|---|---|
| Andere auteurs: | |
| Formaat: | Boek |
| Taal: | Vietnamese |
| Gepubliceerd in: |
H.
Phụ nữ
1983
|
| Editie: | In lần thứ ba |
| Onderwerpen: | |
| Tags: |
Voeg label toe
Geen labels, Wees de eerste die dit record labelt!
|
| Thư viện lưu trữ: | Mạng thư viện Đại học Đà Nẵng |
|---|
| LEADER | 01141nam a2200373 4500 | ||
|---|---|---|---|
| 001 | 000004918 | ||
| 003 | 1060 | ||
| 005 | 20120412070432.0 | ||
| 008 | 110805s1983 viesd | ||
| 020 | |c 15000 | ||
| 041 | 0 | |a vie | |
| 082 | |a 891.7 |b MA-G | ||
| 100 | 0 | |a Mat-Vê-Ép.Ghétnan | |
| 245 | 1 | 0 | |a Tuổi mười bảy |c Mat-Vê-Ép.Ghétnan |n Tập 2 |
| 250 | |a In lần thứ ba | ||
| 260 | |a H. |b Phụ nữ |c 1983 | ||
| 300 | |a 395 tr. |c 19 cm | ||
| 520 | |a . | ||
| 653 | |a Mat-Vê-Ép.Ghétnan | ||
| 653 | |a Văn học Nga | ||
| 653 | |a Truyện dài | ||
| 700 | |a Tuyết Minh |e dịch | ||
| 773 | |t Tuổi mười bảy |w 890 | ||
| 910 | |a Thu Sương |d 4/8/2011 | ||
| OWN | |a LSP | ||
| AVA | |a UDN50 |b LSP |d 891.7 MA-G |e available |t Error 5001 Not defined in file expand_doc_bib_avail. |f 2 |g 0 |h N |i 0 |k 1 | ||
| 999 | |a From the UDN01 | ||
| AVA | |a UDN50 |b LSP |d 891.7 MA-G |e available |t Error 5001 Not defined in file expand_doc_bib_avail. |f 2 |g 0 |h N |i 0 |k 1 | ||
| TYP | |a Monograph | ||
| TYP | |a Printed language | ||
| 980 | |a Mạng thư viện Đại học Đà Nẵng | ||